000 01266nam a22002411a 4500
001 18460
003 OSt
005 20260204212406.0
008 180117s2017||||dr ||||||b||||||||||spa||
090 _aEDU-IN 2017 C78
100 1 _aSegura Cruz,María
_esustentante
245 1 _aImplementación de estrategias para la atención a la diversidad en el nivel inicial, centro educativo Narciso Alberti, jornada extendida del Distrito 16-03 del municipio de Cevicos/María Segura cruz, Lisbett María Del Rosario Rodríguez, y Jorgelina Monegros Malena ; asesor Milady Altagracia Lázala Calderón
260 _aCotuí, República Dominicana :
_bUTECO,
_c2017
300 _a54 hojas :
_bIlustraciones ;
_c28cm.
502 _aTrabajo de grado (Licenciatura en Educación Inicial)--Universidad Tecnológica del Cibao Oriental, 2017
504 _aIncluye referencia bibliográfica e índice
650 4 _aImplementación de estrategias para la atención a la diversidad
700 1 _a Del Rosario Rodríguez, Lisbett María
_esustentante
700 1 _a Monegros Malena, Jorgelina
_esustentante
700 1 _aMilady Altagracia Lázala Calderón
_easesor
830 _aTesis y disertaciones académicas (Universidad Tecnológica del Cibao Oriental)
942 _2LC
_cTH
999 _c18460
_d18460